00353nam a2200145Ia 4500008004100000020001500041041000800056082001800064100002400082245002100106250000600127260004200133300001300175650001900188210716s1993 xx 000 0 und d a812030814X aeng a005.1331 BERJ aBerry, John Thomas. aC++ programming. a2 aNew DelhibPHI Learning Pvt Ltdc1993 axvii,408 aC++ Progamming